Russia National Football Team - Statistics

General Stats
  • This quiz has been taken 544 times
  • The average score is 4 of 18
Answer Stats
Goals Caps Player % Correct
0 111 Igor Akinfeev
68%
17 75 Andrey Arshavin
57%
31 56 Artem Dzyuba
55%
16 45 Fyodor Smolov
26%
12 33 Denis Cheryshev
24%
30 91 Aleksandr Kerzhakov
19%
2 105 Yuri Zhirkov
19%
12 48 Aleksandr Kokorin
18%
21 51 Roman Pavlyuchenko
17%
8 127 Sergei Ignashevich
17%
17 72 Valeri Karpin
12%
5 101 Vasili Berezutskiy
11%
7 109 Viktor Onopko
11%
13 57 Roman Shirokov
6%
26 71 Vladimir Beschastnykh
6%
15 47 Dmitri Sychev
5%
1 77 Aleksandr Anyukov
4%
12 35 Igor Kolyvanov
3%
No matching quizzes found
Score Distribution
Percent of People with Each Score
Percentile by Number Answered
Your Score History
You have not taken this quiz